000 00308nam a22001337a 4500
008 170908b xxu||||| |||| 00| 0 eng d
020 _a9780321714480
041 _aeng
080 _25 ED
_a42
100 _a42
101 _aGEO
245 _aDIVERSITY AMID GLOBALIZATION
_cROWNTREE.L
942 _2udc
_cBK
999 _c26869
_d26869